| LEADER | 00885cam a2200241 a 4500 | ||
|---|---|---|---|
| 001 | 0000065042 | ||
| 005 | 20030324090000.0 | ||
| 040 | |a mod | ||
| 041 | |a eng | ||
| 020 | |a 0750656085 | ||
| 090 | 0 | 0 | |a 621.384 |b WIN |e 2002 |
| 100 | 1 | |a Winder |h Steve | |
| 245 | 1 | 0 | |a Newnes radio and RF Engineering pocket book |c Steve Winder & Joe Carr |
| 250 | |a 3rd. ed. | ||
| 260 | |a Oxford |b Newnes |c 2002 | ||
| 300 | |a xii, 344 p. |b ill |c 20 cm | ||
| 650 | 0 | 0 | |a Radio |
| 700 | 1 | |a Carr |h Joe | |
| 999 | |a 0211824 |b IKED |d BOOKS |e Umum |f IKED |j AVAILABLE |q GOOD CONDITION | ||
| 999 | |a 0211825 |b IKED |d BOOKS |e Umum |f IKED |j AVAILABLE |q GOOD CONDITION | ||
| 999 | |a B000011844 |b MAWILLA III |d BOOKS |e Umum |f Markas Wilayah Laut 3 |j AVAILABLE |q GOOD CONDITION | ||
| 999 | |a B000011895 |b MAWILLA III |d BOOKS |e Umum |f Markas Wilayah Laut 3 |j AVAILABLE |q GOOD CONDITION | ||
| 999 | |a B003712 |b STRIDE |d BOOKS |e Umum |f STRIDE |j AVAILABLE |q GOOD CONDITION | ||